000 00637nam a2200193 i 4500
001 37880
003 ES-MaACL
005 20251120063128.0
007 t|
008 030224s1972 sp ||||1| spa d
100 1 _aBurgo, Jaime del,
_d1912-2005
_932641
245 1 0 _aNavarra /
_cpor Jaime del Burgo ; ilustraciones de Federico Lloveras.
260 _aBarcelona :
_bAlfaguara,
_c[1972]
300 _a148 p. :
_bil. ;
_c29 cm.
651 4 _aNavarra (Comunidad Autónoma)-
_vGuías turísticas.
_9146961
700 1 _aLloveras, Frederic (
_d1912-1983)
_972936
852 _aES-MaACL
_jC-51852
_bR.85526
999 _c37880
_d37880